Movies Quiz

Random Movies or Clickable Quiz

Movie Cast Match (2008) Quiz Stats

Quiz Updated Sep 14, 2014

Challenge
Share
Tweet
Embed
Score 0/40 Timer 08:00
13 Plays Today
% Correct
The Dark Knight
94.6%
Sex and the City
92.9%
Twilight
92.6%
Iron Man
91.5%
Indiana Jones and the Kingdom of the Crystal Skull
91.4%
Taken
89.6%
Quantum of Solace
89%
Marley & Me
87.9%
Mamma Mia!
87.4%
Rambo
87.1%
Slumdog Millionaire
87.1%
Madagascar: Escape 2 Africa
86.9%
Gran Torino
86.7%
Step Brothers
86%
Kung Fu Panda
85.6%
Tropic Thunder
84.9%
Hancock
84%
The Curious Case of Benjamin Button
83.7%
The Mummy: Tomb of the Dragon Emperor
83.6%
Australia
83.4%
% Correct
27 Dresses
82.5%
The Wrestler
82.2%
Forgetting Sarah Marshall
82.1%
Get Smart
81.6%
Valkyrie
79.8%
Harold & Kumar Escape from Guantanamo Bay
78.8%
Pineapple Express
78.5%
What Happens in Vegas
78.4%
Yes Man
76.8%
Horton Hears a Who!
76.7%
Milk
76.4%
Bolt
75.8%
Zack and Miri Make a Porno
74.5%
Burn After Reading
73.1%
Wanted
73%
Hellboy II: The Golden Army
72.1%
The Incredible Hulk
71.4%
The Hurt Locker
71.3%
Role Models
70.9%
Seven Pounds
66.4%

You're not logged in!

Compare scores with friends on all Sporcle quizzes.
Sign Up with Email
OR
Log In

You Might Also Like...

Show Comments

Extras

Top Quizzes Today


Score Distribution

Your Account Isn't Verified!

In order to create a playlist on Sporcle, you need to verify the email address you used during registration. Go to your Sporcle Settings to finish the process.